000 00442nam a2200157Ia 4500
008 160316s1999 xxu||||| |||| 00| 0 eng d
082 _a372.000000
_bISE
100 _a
245 _aNational seminar on costs and wastage in primary education
250 _a
260 _aBangalore
_bInstitute for Social and Economic Change
_c1999
300 _a460
_b
_c
365 _b
650 _a1. primary education 2. costs - wastage
700 _a
_a
999 _c34754
_d34754